00670nam a2200169 i 450000100060000000300090000600500170001500700030003200800410003510000370007624501200011326000620023330000300029585200320032599900170035795201260037442184ES-MaACL20230906160550.0t|030312s1962 sp ||||1| spa d1 aCastellot Fernández, A.93657513aLa fosfatación b: (tratamiento anticorrosivo, base adherente para las pinturas...) / cA. Castellot Fernández. aBarcelona, etc. : bJosé Oriol Avila Montesó, c1962. a229 p. : bil. ; c22 cm. aES-MaACLjC-21906 bR.50074 c42184d42184 00104070aATENEOMbATENEOMcGaleríad2008-01-17eSCl0oC-21906p1044398r2023-02-23 00:00:00w2023-02-23yMONOGRAFIA